Prenatal exposure to indoor air pollution and adverse birth outcomes in Masaiti rural and Ndola urban districts in Zambia (Record no. 54379)

MARC details
000 -LEADER
fixed length control field 00786nam a2200181 a 4500
008 - FIXED-LENGTH DATA ELEMENTS--GENERAL INFORMATION
fixed length control field 200813s2019 ||||||||||||||||| || u
050 ## - LIBRARY OF CONGRESS CALL NUMBER
Classification number CBU-PG THESIS/MUL
100 ## - MAIN ENTRY--PERSONAL NAME
Personal name Mulenga, David
245 10 - TITLE STATEMENT
Title Prenatal exposure to indoor air pollution and adverse birth outcomes in Masaiti rural and Ndola urban districts in Zambia
Statement of responsibility, etc. by David Mulenga
260 ## - PUBLICATION, DISTRIBUTION, ETC.
Place of publication, distribution, etc. Kitwe
Name of publisher, distributor, etc. Copperbelt University
Date of publication, distribution, etc. 2019
300 ## - PHYSICAL DESCRIPTION
Extent xx, 95 pages : illustrations
650 ## - SUBJECT ADDED ENTRY--TOPICAL TERM
Topical term or geographic name entry element AIR POLLUTION--ZAMBIA
650 ## - SUBJECT ADDED ENTRY--TOPICAL TERM
Topical term or geographic name entry element PUBLIC HEALTH--ZAMBIA
650 ## - SUBJECT ADDED ENTRY--TOPICAL TERM
Topical term or geographic name entry element PRENATAL CARE--ZAMBIA
650 ## - SUBJECT ADDED ENTRY--TOPICAL TERM
Topical term or geographic name entry element PRENATAL--AIR POLLUTION--ZAMBIA
650 ## - SUBJECT ADDED ENTRY--TOPICAL TERM
Topical term or geographic name entry element PUBLIC HEALTH--SOCIAL ASPECTS--ZAMBIA
995 ## - RECOMMENDATION 995 [LOCAL, UNIMARC FRANCE]
-- CBU-MAIN LIBRARY (Kitwe)
-- 1
-- AVAILABLE
-- Aug 13, 2020
-- University Collection
Holdings
Withdrawn status Lost status Source of classification or shelving scheme Damaged status Not for loan Home library Current library Shelving location Date acquired Inventory number Full call number Barcode Date last seen Copy number Price effective from Koha item type
          CBU-SCHOOL OF MEDICINE LIBRARY, NDOLA. CBU-SCHOOL OF MEDICINE LIBRARY, NDOLA. Special Collections 11/30/2022 4234 CBU-PG THESIS/MUL B4234 11/30/2022 1 11/30/2022 MONOGRAPH